The Journal of East and West Studies (Record no. 5952)

MARC details
000 -LEADER
fixed length control field 00708nas a22001937i 4500
001 - CONTROL NUMBER
control field 6364
003 - CONTROL NUMBER IDENTIFIER
control field OSt
005 - DATE AND TIME OF LATEST TRANSACTION
control field 20170126082355.0
007 - PHYSICAL DESCRIPTION FIXED FIELD--GENERAL INFORMATION
fixed length control field tu
008 - FIXED-LENGTH DATA ELEMENTS--GENERAL INFORMATION
fixed length control field 161220s xxu||||| |||| 00| 0 d
024 7# - OTHER STANDARD IDENTIFIER
Standard number or code 6364
Source of number or code RID
024 7# - OTHER STANDARD IDENTIFIER
Standard number or code 6364
Source of number or code RSN (alt)
040 ## - CATALOGING SOURCE
Transcribing agency OSt
110 2# - MAIN ENTRY--CORPORATE NAME
Corporate name or jurisdiction name as entry element The Institute of East and West Studies, Yonsei University
245 00 - TITLE STATEMENT
Title The Journal of East and West Studies
260 ## - PUBLICATION, DISTRIBUTION, ETC.
Place of publication, distribution, etc. Seoul :
Name of publisher, distributor, etc. The Institute of East and West Studies.
866 #0 - TEXTUAL HOLDINGS--BASIC BIBLIOGRAPHIC UNIT
-- 1991 20/1 - 1996 25/1 (unvollständig)
866 #0 - TEXTUAL HOLDINGS--BASIC BIBLIOGRAPHIC UNIT
-- Bestände unvollständig<br><br>vorhanden:<br>1991 20/1-2<br>1992 21/1-2<br>1993 22/1-2<br>1994 23/1<br>1995 24/1<br>1996 25/1<br><br>fehlende Bestände:<br>1994 23/2<br>1995 24/2<br>1996 25/2
942 ## - ADDED ENTRY ELEMENTS (KOHA)
Koha item type Journal
Holdings
Withdrawn status Lost status Damaged status Not for loan Home library Current library Shelving location Date acquired Inventory number Total Checkouts Barcode Date last seen Price effective from Koha item type
        WIIW WIIW Library 08/04/2004 6364   10001859 01/26/2017 01/26/2017 Journal
The Vienna Instiute for International Economic Studies (wiiw)